Statistics for Dinosaur Genus by Species

Click here to take the quiz!

General Stats

  • This quiz has been taken 135 times
  • The average score is 5 of 23

Answer Stats

GenusSpecies% Correct
Tyrannosaurusrex, bataar(?)
100%
Stegosaurusstenops, ungulatus, sulcatus
54%
Velociraptormongoliensis, osmolskae
53%
Triceratopsprorsus, horridus
50%
Allosaurusfragilis, jimmadseni, europaeus
32%
Apatosauruslouisae, ajax
27%
Diplodocuscarnegii, hallorum
23%
Edmontosaurusregalis, annectens
20%
Parasaurolophuswalkeri, tubicen, cyrtocristatus
20%
Pachyrhinosauruscanadensis, perotorum, lakustai
19%
Carcharodontosaurussaharicus, iguidens
18%
Psittacosaurusmongoliensis, sibiricus, sinensis, lujiatunensis, major, ordosensis, meileyingensis, xinjiangensis, neimongoliensis, mazongshanensis, gobiensis, amitabha
16%
Microraptorzhaoianus, gui, hanqingi
15%
Torvosaurustanneri, gurneyi
15%
Archaeopteryxlithographica, siemensii, albersdoerferi
14%
Protoceratopsandrewsi, hellenikorhinus
12%
Ornithomimusvelox, edmontonicus
11%
Camarasaurussupremus, grandis, lentus
10%
Torosauruslatus, utahensis
9%
Miragaialongicollum, longispinus
8%
Thescelosaurusneglectus, garbanii, assiniboiensis
7%
Struthiomimusaltus, sedens
6%
Saurolophusosborni, angustirostris
4%

Score Distribution

Percentile by Number Answered

Percent of People with Each Score

Your Score History

You have not taken this quiz